វចនានុក្រម សុភាសិតខ្មែរអធិប្បាយ : (Record no. 6097)

MARC details
000 -LEADER
fixed length control field 00892nam a22002297a 4500
001 - CONTROL NUMBER
control field 6097
003 - CONTROL NUMBER IDENTIFIER
control field FISKH
005 - DATE AND TIME OF LATEST TRANSACTION
control field 20250509103238.0
008 - FIXED-LENGTH DATA ELEMENTS--GENERAL INFORMATION
fixed length control field 250311b cb ||||| |||| 00| 0 eng d
040 ## - CATALOGING SOURCE
Original cataloging agency FISKH
Language of cataloging Khmer
Transcribing agency FISKH
Modifying agency FISKH
050 ## - LIBRARY OF CONGRESS CALL NUMBER
Classification number PZ7
082 ## - DEWEY DECIMAL CLASSIFICATION NUMBER
Classification number 400
100 ## - MAIN ENTRY--PERSONAL NAME
Personal name Thaily, Ly
245 ## - TITLE STATEMENT
Title វចនានុក្រម សុភាសិតខ្មែរអធិប្បាយ :
Remainder of title ភាគ ១៖ ពី "ក" ដល់ "ធ"​/
Statement of responsibility, etc. ដោយ លី ថៃលី
250 ## - EDITION STATEMENT
Edition statement First published in 2007
260 ## - PUBLICATION, DISTRIBUTION, ETC.
Place of publication, distribution, etc. Sihanouk Ville :
Name of publisher, distributor, etc. MP Publishing House ;
Date of publication, distribution, etc. 2007.
300 ## - PHYSICAL DESCRIPTION
Extent 275 pages :
Other physical details color illustrations ;
Dimensions 20 cm .
650 ## - SUBJECT ADDED ENTRY--TOPICAL TERM
Topical term or geographic name entry element វចនានុក្រម សុភាសិតខ្មែរអធិប្បាយ
Form subdivision សុភាសិត
650 ## - SUBJECT ADDED ENTRY--TOPICAL TERM
Topical term or geographic name entry element Khmer proverb dictionary with commentary
Form subdivision proverb
942 ## - ADDED ENTRY ELEMENTS (KOHA)
Source of classification or shelving scheme Dewey Decimal Classification
Koha item type Khmer Books
Suppress in OPAC No
Holdings
Withdrawn status Lost status Source of classification or shelving scheme Damaged status Not for loan Collection Home library Current library Shelving location Date acquired Total Checkouts Full call number Barcode Date last seen Date last checked out Copy number Price effective from Koha item type
    Dewey Decimal Classification     Khmer Language Books / សៀវភៅភាសាខ្មែរ Footprints International School Library Network Toul Tom Poung Campus Footprints International School Library Network Toul Tom Poung Campus TTP Secondary Khmer Bookshelves 03/11/2025 1 THA PZ7 400 FISSE02132 12/19/2025 12/01/2025 1 03/11/2025 Books
    Dewey Decimal Classification     Khmer Language Books / សៀវភៅភាសាខ្មែរ Footprints International School Library Network Toul Tom Poung Campus Footprints International School Library Network Toul Tom Poung Campus TTP Secondary Khmer Bookshelves 05/09/2025   THA PZ7 400 FISSE02126 05/09/2025   2 05/09/2025 Books
    Dewey Decimal Classification     Khmer Language Books / សៀវភៅភាសាខ្មែរ Footprints International School Library Network Toul Tom Poung Campus Footprints International School Library Network Toul Tom Poung Campus TTP Secondary Khmer Bookshelves 05/22/2025   THA PZ7 400 FISSE02118 05/22/2025   3 05/22/2025 Books